Kia Car Models Worldwide 2024-25 - Statistics

General Stats
  • This quiz has been taken 374 times
    112 since last reset
  • The average score is 25 of 51
Answer Stats
Hint Answer % Correct
Compact Crossover Sportage
81%
Compact Crossover Sportage Ace
81%
Compact Hybrid Crossover Sportage Hybrid
81%
Compact Crossover PHEV Sportage PHEV
81%
Midsize Sedan K5
67%
Midsize Sport Sedan K5 GT
67%
Compact Sedan K4
61%
Compact Hatchback K4 Hatchback
61%
Minivan Carnival
60%
Hybrid Minivan Carnival Hybrid
60%
Compact Hatchback Ceed
60%
Hot Hatch Ceed GT
60%
Compact Wagon Ceed SW
60%
Comapct Wagon PHEV Ceed SW PHEV
60%
Compact Crossover EV EV6
58%
Compact Sport Crossover EV EV6 GT
58%
Midsize Crossover EV EV9
58%
Midsize Sport Crossover EV EV9 GT
58%
Midsize Crossover Sorento
57%
Midsize Hybrid Crossover Sorento Hybrid
57%
Midsize Crossover PHEV Sorento PHEV
57%
Subcompact Sedan K3
54%
Subcompact Hatchback K3 Hatchback
54%
City Car Picanto/Morning
54%
Subcompact Crossover EV EV3
52%
Midsize Crossover Telluride
52%
Executive Sedan K9
51%
Compact Crossover EV EV5
49%
Subcompact Sedan K2
49%
Fullsize Sedan K8
48%
Subcompact Crossover Hybrid Niro
48%
Subcompact Crossover EV Niro EV
48%
Subcompact Crossover PHEV Niro PHEV
48%
Compact Shooting Brake ProCeed
42%
Compact Sport Shooting Brake ProCeed GT
42%
Subcompact Crossover Soul
40%
Compact Crossover Seltos
37%
Compact Crossover XCeed
37%
Compact Crossover PHEV XCeed PHEV
37%
Subcompact Crossover Stonic/KX1
36%
City Car Ray
34%
City Car EV Ray EV
34%
Commercial Truck Bongo
30%
Compact MPV Carens
28%
Midsize Pickup Tasman
28%
Fullsize SUV Mohave
25%
Bus Granbird
16%
Compact Crossover KX5
13%
Subcompact Crossover Sonet
12%
Subcompact Crossover Syros
12%
City Car Sedan Pegas/Soluto
10%
No matching quizzes found
Score Distribution
Percent of People with Each Score
Percentile by Number Answered
Your Score History
You have not taken this quiz since the last reset